EMPIRE OF THE MOGHUL BROTHERS AT WAR (Record no. 17188)

MARC details
000 -LEADER
fixed length control field 00335nam a2200133Ia 4500
008 - FIXED-LENGTH DATA ELEMENTS--GENERAL INFORMATION
fixed length control field 240624s9999 xx 000 0 und d
041 ## - LANGUAGE CODE
Language code of text/sound track or separate title eng
082 ## - DEWEY DECIMAL CLASSIFICATION NUMBER
Classification number 954 RUT
100 ## - MAIN ENTRY--PERSONAL NAME
Personal name RUTHERFORD ALEX
245 ## - TITLE STATEMENT
Title EMPIRE OF THE MOGHUL BROTHERS AT WAR
260 ## - PUBLICATION, DISTRIBUTION, ETC.
Date of publication, distribution, etc. 2010
Place of publication, distribution, etc. London
Name of publisher, distributor, etc. Headline
300 ## - PHYSICAL DESCRIPTION
Extent 436 : p. : cm. ; 23
365 ## - TRADE PRICE
Currency code RS
Price amount 20
Holdings
Withdrawn status Lost status Damaged status Not for loan Home library Current library Shelving location Date acquired Source of acquisition Cost, normal purchase price Total Holds Full call number Barcode Date last seen Copy number Price effective from Koha item type
  Missing     IMTN IMTN Rack 41-B 06/13/2011 WBD 495.00 148 954 RUT 17188 06/24/2024 1 06/24/2024 Books
Designed & Maintained by: LRC IMT Nagpur Contact: lrc@imtnag.ac.in© 2024. All Rights Reserved.